| 000 | 00565nam a2200157 4500 | ||
|---|---|---|---|
| 008 | 170329b xxu||||| |||| 00| 0 eng d | ||
| 022 | _a01153544 | ||
| 082 | _aDPer 338.05 En86 Apr-Jul 2015 v. 15, n. 158-161 | ||
| 100 |
_919574 _aInolino, Ieth |
||
| 245 |
_aInternational appeal: _bthis provincial favorite just got global/ _cIeth Inolino. |
||
| 260 |
_aPhilippines: _bSummit Media, _cApr-Jul 2015. |
||
| 300 |
_av15 n160, page 75: _billustrations, _c28 cm. |
||
| 500 | _aEntrepreneur. | ||
| 650 | 0 |
_919575 _aFranchises (retail trade) _xFood |
|
| 942 |
_2ddc _cPER |
||
| 999 |
_c6468 _d6468 |
||